书目信息 |
| 题名: |
鲁迅选集
|
|
| 作者: | 鲁迅 著 | |
| 分册: | 第四册 | |
| 出版信息: | 北京 人民文学出版社 1983 |
|
| 页数: | 559页 | |
| 开本: | 21cm | |
| 丛书名: | ||
| 单 册: | ||
| 中图分类: | I210.2 | |
| 科图分类: | ||
| 主题词: | 鲁迅著作--选集 | |
| 电子资源: | ||
| ISBN: | ||
| 000 | 00647nam0 2200241 45 | |
| 001 | 0183007310 | |
| 005 | 20040413161347.0 | |
| 010 | @dCNY2.55@b精装 | |
| 091 | @a10019.3569 | |
| 100 | @a19950509d1983 em y0chiy0121 ea | |
| 101 | 0 | @achi |
| 102 | @aCN@b110000 | |
| 105 | @ay z 000zy | |
| 106 | @ar | |
| 200 | 10 | @a鲁迅选集@Alu xun xuan ji@h第四册@f鲁迅著 |
| 210 | @a北京@c人民文学出版社@d1983 | |
| 215 | @a559页@d21cm | |
| 606 | @a鲁迅著作@x选集 | |
| 690 | @aI210.2@v3 | |
| 701 | 0 | @a鲁迅@Alu xun@4著 |
| 801 | 0 | @aCN@b上海图书馆@c20040413 |
| 801 | 2 | @aCN@bNLC@c20040413 |
| 905 | @dI210.2@e103:4@f1@b108743@f2@b105592-593@f2@b175684-685 | |
| 鲁迅选集.第四册/鲁迅著.-北京:人民文学出版社,1983 |
| 559页;21cm |
| ISBN (精装):CNY2.55 |
| ● |
| 相关链接 |
|
|
|
|
正题名:鲁迅选集
索取号:I210.2/103:4
 
预约/预借
| 序号 | 登录号 | 条形码 | 馆藏地/架位号 | 状态 | 备注 |
| 1 | 0105592 | 001403706 | 密集书库/ [索取号:I210.2/103:4] | 在馆 | |
| 2 | 0105593 | 001403724 | 密集书库/ [索取号:I210.2/103:4] | 在馆 | |
| 3 | 0108743 | 001403564 | 密集书库/ [索取号:I210.2/103:4] | 在馆 | |
| 4 | 0108744 | 001403555 | 第一样本阅览室/ [索取号:I210.2/103:4] | 在馆 | |
| 5 | 0175684 | 001403378 | 第二借阅区/ [索取号:I210.2/103:4] | 在馆 | |
| 6 | 0175685 | 001403715 | 密集书库/ [索取号:I210.2/103:4] | 在馆 |